| 000 | 01110nam#a22003615a#4500 | ||
|---|---|---|---|
| 001 | 2096 | ||
| 245 | 1 | 0 |
_aEconomía agraria / _cFernando Martín-Sánchez Juliá y Manuel María de Zulueta y Enríquez. |
| 250 | _a1ª ed. | ||
| 260 |
_aBarcelona : _bSalvat, _c1956. |
||
| 300 |
_a443 p. : _bfot. byn., il. byn. ; _c22 cm. |
||
| 490 | 0 | _aColección Agrícola Salvat | |
| 500 | _aIncluye bibliografía consultada. | ||
| 100 | 1 | _aMartín-Sánchez Juliá, Fernando. | |
| 700 | 1 | _aDe Zulueta y Enríquez, Manuel María. | |
| 080 | _a338.43.01 | ||
| 084 | _aM26 S21 J87 | ||
| 653 | _aAgricultura | ||
| 653 | _aEconomía agraria | ||
| 653 | _aProducción agrícola | ||
| 653 | _aEmpresas agrícolas | ||
| 653 | _aEdificios agrícolas | ||
| 653 | _aExplotación agrícola | ||
| 653 | _aSistemas de cultivo | ||
| 653 | _aEconomía agrícola nacional | ||
| 653 | _aEscuelas rurales | ||
| 653 | _aReforma agraria | ||
| 653 | _aProductos agrícolas | ||
| 040 |
_aAR-ClEAG _cAR-ClEAG |
||
| 008 | 130520s1956####sp#f###f#e####001#0#spa#d | ||
| 005 | 20241107184733.0 | ||
| 003 | AR-ClEAG | ||
| 942 | _cBK | ||
| 999 |
_c2096 _d2096 |
||
| 980 |
_62 _aEvangelina Gallicchio _82 _gEvangelina Gallicchio |
||